[Event "AUTO-OPEN-4197"]
[Site "http://www.queenalice.com/game.php?id=1621348"]
[Date "2020.7.23"]
[Round "1"]
[White "Rafale2000"]
[Black "Kouvitch"]
[Result "1-0"]
[WhiteElo "1973"]
[BlackElo "2082"]

1. e4 c5 2. a3 g6 3. b4 Bg7 4. c3 Nf6 5. e5 Nd5 6. Bb2 Bxe5 7. d4 cxd4 8. cxd4
Bg7 9. Bc4 e6 10. Nf3 O-O 11. O-O Nb6 12. Bb3 d6 13. Qe2 Re8 14. Nc3 d5 15. Rac1
a6 16. Na4 Nxa4 17. Bxa4 Bd7 18. Bc2 Bb5 19. Bd3 Bxd3 20. Qxd3 Nc6 21. b5 axb5
22. Qxb5 Qd7 23. Rfe1 Bf8 24. Re3 Rec8 25. h3 Ne5 26. Qxd7 Rxc1+ 27. Bxc1 Nxd7
28. Rb3 Rc8 29. Be3 b6 30. Ne5 Nxe5 31. dxe5 Bc5 32. Bh6 Ra8 33. Bc1 Ra4 34. Kf1
Kf8 35. Be3 Rxa3 36. Bxc5+ 1-0

[Event "AUTO-OPEN-4197"]
[Site "http://www.queenalice.com/game.php?id=1621349"]
[Date "2020.7.23"]
[Round "1"]
[White "Kouvitch"]
[Black "Rafale2000"]
[Result "1-0"]
[WhiteElo "2056"]
[BlackElo "1912"]

1. e4 Nf6 2. e5 Nd5 3. d4 d6 4. c4 Nb6 5. exd6 exd6 6. Nf3 Bg4 7. h3 Bh5 8. Be2
Nc6 9. b3 Be7 10. O-O Bf6 11. Bb2 Ne7 12. Re1 c5 13. g4 Bg6 14. Bd3 cxd4 15. Na3
O-O 16. Nxd4 Bxd3 17. Qxd3 Qd7 18. Nac2 Nc6 19. Nxc6 bxc6 20. Bxf6 gxf6 21. Nd4
Rae8 22. Nf5 d5 23. Qd2 dxc4 24. Qh6 1-0

[Event "AUTO-OPEN-4197"]
[Site "http://www.queenalice.com/game.php?id=1621360"]
[Date "2020.7.23"]
[Round "1"]
[White "maurice91"]
[Black "Kouvitch"]
[Result "0-1"]
[WhiteElo "1810"]
[BlackElo "2066"]

1. d4 Nf6 2. Bg5 e6 3. e4 c5 4. e5 h6 5. exf6 hxg5 6. fxg7 Bxg7 7. c3 cxd4 8.
cxd4 Qa5+ 9. Nc3 Nc6 10. Be2 Bxd4 11. Qd2 b6 12. Nf3 Bxc3 13. Qxc3 Qxc3+ 14.
bxc3 f6 15. Rc1 Bb7 16. h3 Kf7 17. Rd1 Rad8 18. g4 Kg7 19. Kd2 Ne5 20. Ke3 Rc8
21. Nxe5 Bxh1 22. Rxh1 fxe5 23. Kd2 d5 0-1

[Event "AUTO-OPEN-4197"]
[Site "http://www.queenalice.com/game.php?id=1621361"]
[Date "2020.7.23"]
[Round "1"]
[White "Kouvitch"]
[Black "maurice91"]
[Result "1-0"]
[WhiteElo "2062"]
[BlackElo "1857"]

1. e4 e5 2. Nf3 Nc6 3. Bb5 Nf6 4. Qe2 Nd4 5. Nxd4 exd4 6. O-O c6 7. Ba4 b5 8.
Bb3 Be7 9. e5 Nd5 10. Bxd5 cxd5 11. Qxb5 O-O 12. Qxd5 Rb8 13. Qxd4 a6 14. d3 Bb7
15. Nc3 Kh8 16. Ne4 Bxe4 17. Qxe4 Bc5 18. b3 Re8 19. d4 Bd6 20. Qd5 Bf8 21. Qxf7
Re7 22. Qc4 Re6 23. Bb2 Rc6 24. Qd3 d5 25. exd6 Rxd6 26. c4 Rg6 27. Rfe1 Qg5 28.
Qg3 Qd8 29. Qe3 Qc7 30. Qe5 Qb7 31. d5 h6 32. Rad1 Rd8 33. Kf1 Bb4 34. Qh5 Rg5
35. Qxh6+ Kg8 36. Qxg5 Bxe1 37. Qxd8+ 1-0

[Event "AUTO-OPEN-4190"]
[Site "http://www.queenalice.com/game.php?id=1630728"]
[Date "2020.10.24"]
[Round "2"]
[White "Dogeval"]
[Black "Kouvitch"]
[Result "1-0"]
[WhiteElo "2844"]
[BlackElo "2081"]

1. d4 Nf6 2. c4 c5 3. d5 b5 4. cxb5 a6 5. e3 g6 6. Nc3 d6 7. a4 Bb7 8. e4 Bg7 9.
Nf3 O-O 10. Be3 Ng4 11. Bg5 Re8 12. Nd2 Ne5 13. f4 f6 14. Bh4 Nf7 15. Bc4 Nd7
16. O-O Nb6 17. Bd3 axb5 18. Bxb5 Nd7 19. Nc4 Ba6 20. Qe2 Qc7 21. e5 fxe5 22.
fxe5 e6 23. Rxf7 Kxf7 24. dxe6+ Rxe6 25. Qf3+ 1-0

[Event "AUTO-OPEN-4190"]
[Site "http://www.queenalice.com/game.php?id=1630729"]
[Date "2020.10.24"]
[Round "2"]
[White "Kouvitch"]
[Black "Dogeval"]
[Result "0-1"]
[WhiteElo "2083"]
[BlackElo "2843"]

1. e4 c5 2. Nf3 d6 3. d4 cxd4 4. Nxd4 Nf6 5. Nc3 a6 6. g3 e5 7. Nde2 Be7 8. Bg2
O-O 9. O-O b5 10. Kh1 Bb7 11. a4 b4 12. Nd5 Nbd7 13. a5 Nc5 14. f3 Nxd5 15. exd5
Bc8 16. f4 Rb8 17. c4 bxc3 18. bxc3 Qc7 19. Be3 Bd7 20. Bxc5 Qxc5 21. Be4 f5 22.
Bg2 Rb2 0-1

[Event "AUTO-OPEN-4224"]
[Site "http://www.queenalice.com/game.php?id=1631470"]
[Date "2020.10.31"]
[Round "1"]
[White "kakocarvalho"]
[Black "Kouvitch"]
[Result "1/2-1/2"]
[WhiteElo "1839"]
[BlackElo "2079"]

1. Nf3 Nf6 2. g3 d5 3. Bg2 c6 4. O-O Bg4 5. d4 Na6 6. Nbd2 e6 7. a3 Be7 8. Ne5
Bh5 9. c4 dxc4 10. Ndxc4 Nd5 11. Qd3 f6 12. Nf3 Bg6 13. Qb3 Qc7 14. Re1 Bf7 15.
Qc2 O-O 16. e4 Nb6 17. b4 Rad8 18. Be3 Nb8 19. Rac1 Nxc4 20. Qxc4 a5 21. b5 Bxa3
22. Rc2 Qd7 1/2-1/2

[Event "AUTO-OPEN-4224"]
[Site "http://www.queenalice.com/game.php?id=1631471"]
[Date "2020.10.31"]
[Round "1"]
[White "Kouvitch"]
[Black "kakocarvalho"]
[Result "1-0"]
[WhiteElo "2070"]
[BlackElo "1803"]

1. e4 d6 2. d4 Nf6 3. Nc3 g6 4. f4 Bg7 5. Nf3 O-O 6. Bd3 e6 7. e5 Nfd7 8. h4 h5
9. Ng5 dxe5 10. fxe5 Nc6 11. Ne2 a6 12. c3 Nb6 13. Nf4 Ne7 14. Nxh5 gxh5 15.
Qxh5 Re8 16. Bh7+ 1-0

[Event "AUTO-OPEN-4224"]
[Site "http://www.queenalice.com/game.php?id=1631494"]
[Date "2020.10.31"]
[Round "1"]
[White "nuage"]
[Black "Kouvitch"]
[Result "0-1"]
[WhiteElo "1566"]
[BlackElo "2069"]

1. Nf3 Nf6 2. g3 d5 3. d3 Nc6 4. Bg2 e5 5. O-O Be7 6. Re1 O-O 7. Nbd2 Bg4 8. Ng5
h6 9. f3 hxg5 10. fxg4 Nxg4 11. b3 Ne3 12. Bb2 Nxd1 13. Raxd1 Bc5+ 14. Kh1 g4
15. a3 a5 16. e4 d4 17. Nc4 Qg5 18. Bc1 Qh5 19. Rf1 g6 20. Bd2 b5 21. Nb2 Bxa3
22. Bc1 Nb4 23. Rd2 Na2 0-1

[Event "AUTO-OPEN-4224"]
[Site "http://www.queenalice.com/game.php?id=1631495"]
[Date "2020.10.31"]
[Round "1"]
[White "Kouvitch"]
[Black "nuage"]
[Result "1-0"]
[WhiteElo "2079"]
[BlackElo "1627"]

1. e4 e5 2. Nf3 Nc6 3. Bb5 Nf6 4. d3 Bc5 5. O-O O-O 6. Bxc6 dxc6 7. Nxe5 Be6 8.
Be3 Bd6 9. f4 Bxe5 10. fxe5 Ng4 11. Bf4 g5 12. Bd2 Nxe5 13. Bc3 Bg4 14. Qe1 b5
15. Bxe5 c5 16. Qg3 Be6 17. Bf6 Qxf6 18. Rxf6 1-0

[Event "AUTO-OPEN-4224"]
[Site "http://www.queenalice.com/game.php?id=1631508"]
[Date "2020.10.31"]
[Round "1"]
[White "Eggchaser"]
[Black "Kouvitch"]
[Result "0-1"]
[WhiteElo "1765"]
[BlackElo "2075"]

1. Nf3 Nc6 2. d4 d6 3. Bf4 g6 4. c3 Nf6 5. h3 Nd5 6. Bg3 Bh6 7. e4 Nf4 8. Bxf4
Bxf4 9. g3 Bh6 10. Bg2 O-O 11. Nbd2 e5 12. O-O Bd7 13. Nb3 a5 14. a4 Re8 15. d5
Ne7 16. g4 Bf4 17. g5 h6 18. h4 Kg7 19. Nh2 Rh8 0-1

[Event "AUTO-OPEN-4224"]
[Site "http://www.queenalice.com/game.php?id=1631509"]
[Date "2020.10.31"]
[Round "1"]
[White "Kouvitch"]
[Black "Eggchaser"]
[Result "1-0"]
[WhiteElo "2081"]
[BlackElo "1734"]

1. e4 d6 2. d4 Nf6 3. Nc3 g6 4. f4 Bg7 5. Nf3 c5 6. Bb5+ Bd7 7. Bxd7+ Nfxd7 8.
d5 b5 9. Nxb5 a6 10. Na3 O-O 11. Nc4 Nb6 12. Qd3 N8d7 13. O-O Nxc4 14. Qxc4 Qb6
15. c3 Qb5 16. Qxb5 axb5 17. e5 dxe5 18. Nxe5 Nb6 19. Be3 Nxd5 20. Bxc5 Nxf4 21.
Rxf4 Bxe5 22. Re4 1-0

[Event "AUTO-OPEN-4224"]
[Site "http://www.queenalice.com/game.php?id=1641284"]
[Date "2021.1.24"]
[Round "2"]
[White "rockaudrey"]
[Black "Kouvitch"]
[Result "1-0"]
[WhiteElo "2099"]
[BlackElo "2101"]

1. e4 e5 2. Nf3 Nc6 3. d4 exd4 4. Nxd4 Nf6 5. Nc3 Bb4 6. Nxc6 bxc6 7. Bg5 Qe7 8.
Be2 h6 9. Bxf6 Qxf6 10. O-O O-O 11. a3 Bxc3 12. bxc3 Qxc3 13. Bd3 d6 14. Qf3 Be6
15. e5 Qc5 16. Qe4 g6 17. Qh4 Qxe5 18. Qxh6 Qg7 19. Qg5 Qd4 20. Rfd1 Qc3 21. h4
Qe5 22. Qh6 Qg7 23. Qf4 Rfe8 24. Rab1 Bc8 25. Re1 1-0

[Event "AUTO-OPEN-4224"]
[Site "http://www.queenalice.com/game.php?id=1641285"]
[Date "2021.1.24"]
[Round "2"]
[White "Kouvitch"]
[Black "rockaudrey"]
[Result "1-0"]
[WhiteElo "2093"]
[BlackElo "2112"]

1. d4 d5 2. Bf4 Nf6 3. e3 e6 4. Nd2 Bd6 5. Bg3 O-O 6. Ngf3 c5 7. c3 Nc6 8. Bd3
c4 9. Bc2 Ne7 10. Ne5 Nf5 11. Qf3 b5 12. Bf4 Bb7 13. Qh3 Ne4 14. f3 Nxd2 15.
Kxd2 b4 16. g4 bxc3+ 17. bxc3 Qh4 18. Qg2 Ne7 19. Bg3 Qh6 20. h4 Bxe5 21. Bxe5
f6 22. g5 Qh5 23. gxf6 Ng6 24. fxg7 Rfe8 25. Bxg6 Qxg6 26. Qxg6 hxg6 27. Rag1
Kh7 28. h5 g5 29. Rxg5 a5 30. Rhg1 1-0

[Event "AUTO-OPEN-4224"]
[Site "http://www.queenalice.com/game.php?id=1641290"]
[Date "2021.1.24"]
[Round "2"]
[White "Kouvitch"]
[Black "LOMBARDY"]
[Result "1-0"]
[WhiteElo "2071"]
[BlackElo "2227"]

1. d4 Nf6 2. Bg5 e6 3. e4 Be7 4. e5 Ng8 5. Bxe7 Nxe7 6. c4 d5 7. Nf3 b6 8. Qa4+
Bd7 9. Qc2 O-O 10. Bd3 g6 11. h4 c5 12. h5 dxc4 13. Bxc4 cxd4 14. hxg6 hxg6 15.
Qe4 Kg7 16. Qh4 1-0

[Event "AUTO-OPEN-4224"]
[Site "http://www.queenalice.com/game.php?id=1641291"]
[Date "2021.1.24"]
[Round "2"]
[White "LOMBARDY"]
[Black "Kouvitch"]
[Result "1-0"]
[WhiteElo "2278"]
[BlackElo "2108"]

1. c4 c5 2. Nf3 b6 3. e3 Nf6 4. d4 d6 5. Bd3 g6 6. O-O Bg7 7. Nc3 O-O 8. Qe2
Nbd7 9. d5 Ng4 10. Bd2 Nge5 11. Nxe5 Nxe5 12. Bc2 a6 13. a4 Bb7 14. e4 Qc7 15.
f4 Nd7 16. Kh1 Rae8 17. f5 Ne5 18. h3 Bc8 19. g4 h6 20. b3 Kh7 21. Rae1 g5 22.
Kg2 Bf6 23. Qd1 Rh8 24. Ne2 1-0

[Event "AUTO-OPEN-4197"]
[Site "http://www.queenalice.com/game.php?id=1642721"]
[Date "2021.2.5"]
[Round "2"]
[White "bmax"]
[Black "Kouvitch"]
[Result "1-0"]
[WhiteElo "2267"]
[BlackElo "2076"]

1. d4 Nf6 2. Nc3 d5 3. Bf4 c6 4. e3 e6 5. Nf3 Bd6 6. Bg3 Nh5 7. Bd3 Nxg3 8. hxg3
Nd7 9. e4 dxe4 10. Nxe4 Be7 11. c3 b6 12. Qc2 g6 13. Qd2 c5 14. O-O-O cxd4 15.
Nxd4 Bb7 16. Nb5 Kf8 17. Nbd6 Bxd6 18. Nxd6 Bxg2 19. Rhe1 Bf3 20. Qh6+ Kg8 21.
Nxf7 Kxf7 22. Bc4 1-0

[Event "AUTO-OPEN-4197"]
[Site "http://www.queenalice.com/game.php?id=1642722"]
[Date "2021.2.5"]
[Round "2"]
[White "Kouvitch"]
[Black "bmax"]
[Result "0-1"]
[WhiteElo "2085"]
[BlackElo "2260"]

1. d4 d6 2. e4 Nf6 3. Nc3 e5 4. dxe5 dxe5 5. Qxd8+ Kxd8 6. Nf3 Bd6 7. Be3 Ke7 8.
Nd2 Be6 9. Bc4 Bb4 10. Bxe6 Bxc3 11. bxc3 Kxe6 12. f3 b6 13. Ke2 Nc6 14. Nb3
Rhd8 15. a4 Rd6 16. Rhd1 Rxd1 17. Rxd1 Rd8 18. Rd3 Rb8 19. Rd1 Ne8 20. Bf2 Nd6
21. Nd2 Na5 22. Rb1 Rh8 23. Nf1 h5 24. Be3 Nac4 25. Bc1 a5 0-1

[Event "AUTO-OPEN-4197"]
[Site "http://www.queenalice.com/game.php?id=1642727"]
[Date "2021.2.5"]
[Round "2"]
[White "Kouvitch"]
[Black "danielglowinski"]
[Result "0-1"]
[WhiteElo "2068"]
[BlackElo "2468"]

1. d4 Nf6 2. Bg5 e6 3. e4 Be7 4. Nc3 d5 5. e5 Nfd7 6. Bxe7 Qxe7 7. f4 O-O 8. Qd2
c5 9. dxc5 Nxc5 10. O-O-O b6 11. Nf3 Bb7 12. Nd4 Nc6 0-1

[Event "AUTO-OPEN-4197"]
[Site "http://www.queenalice.com/game.php?id=1642728"]
[Date "2021.2.5"]
[Round "2"]
[White "danielglowinski"]
[Black "Kouvitch"]
[Result "1-0"]
[WhiteElo "2475"]
[BlackElo "2066"]

1. e4 e5 2. Nf3 Nf6 3. Nxe5 d6 4. Nf3 Nxe4 5. Nc3 Nxc3 6. dxc3 Be7 7. Bd3 Nd7 8.
O-O Nc5 9. Be3 Nxd3 10. Qxd3 O-O 11. Rfe1 Be6 12. Nd4 Qd7 13. Rad1 1-0